| 000 | 00000nam##2200000za#4500 |
| 001 | 9.676827 |
| 003 | CaOODSP |
| 005 | 20210624230052 |
| 007 | cr ||||||||||| |
| 008 | 150407|1986||||xxc|||||o f|0| 0 eng|d |
| 040 | |aCaOODSP|beng |
| 041 | |aeng |
| 041 | |afre |
| 043 | |an-cn--- |
| 086 | 1 |aA15-5221/1986-PDF |
| 110 | 1 |aCanada.|bAgriculture Canada.|bResearch Branch. |
| 245 | 10|aLand : |h[electronic resource]|ba fragile resource / |c[by] J.L. Nowland and R.L. Halstead. |
| 246 | 1 |aNew goals for agriculture land research |
| 260 | |aOttawa - Ontario : |bAgriculture Canada. |c1986. |
| 300 | |a56p.|bcoloured illus. |
| 500 | |aHistorical publication digitized by Agriculture and Agri-Food Canada. "The report represents an update of the 1981 Strategy for agricultural land resource research"--Acknowledgments. "Canada Committee on Land Resource Services."--T.p. |
| 590 | |a15-02-Supp|b2015-02-16 |
| 690 | 07|aAgri-food industry|2gcpds |
| 720 | 1 |aNowland, J. L. |
| 720 | 1 |aHalstead, R. L. |
| 792 | |tLa terre : |efre|w(CaOODSP)9.676828 |
| 856 | 40|ahttp://publications.gc.ca|qPDF|s4849 KB|uhttps://publications.gc.ca/collections/collection_2015/aac-aafc/A15-5221-1986.pdf |
| 986 | |a5221/B |